Мотря (Запис № 375890)

МАРК-запис
000 -Лідер
fixed length control field 00624nam a22002417a 4500
003 - Ідентифікатор контрольного номера
control field UA-OsUOA
001 - Контрольний номер
control field 89591
007 - Фіксоване поле фізичного опису
fixed length control field ta
008 - Елементи даних фіксованої довжини – загальна інформація
fixed length control field 20121107b un ||||| |||| 00| 0 ukr d
090 ## - Локальний шифр розміщення
Класифікаційний індекс УДК 821.161.2
Авторський знак (НП) Л48
040 ## - Джерело каталогізації
Агенція оригінальної каталогізації UA-OsUOA
Мова каталогізації ukr
Агенція, яка здійснювала перезапис UA-OsUOA
Агенція, яка здійснювала модифікацію UA-OsUOA
041 ## - Код мови
Код мови тексту/ звукової доріжки чи окремого заголовка (П) ukr
080 ## - Індекс Універсальної десяткової класифікації
Індекс Універсальної десяткової класифікації (УДК) (НП) 821.161.2
020 ## - Міжнародний стандартний книжковий номер (ISBN)
Міжнародний стандартний книжковий номер (ISBN) (НП) 5-308-01407-8
100 ## - Основне введення – ім’я особи
Ім’я особи (НП) Лепкий Б.
245 ## - Відомості про назву
Назва (НП) Мотря
Решта назви (НП) історична повість
260 ## - Публікація, розповсюдження і т.п. (Вихідні дані)
Місце публікації, розповсюдження і т.п. (П) К.
Ім’я/ наймення видавництва, розповсюджувача і т.п. (П) Дніпро
Дата публікації, розповсюдження і т.п. (П) 1992
300 ## - Фізичний опис
Обсяг 464 с.
650 #7 - Додаткове предметне введення – тематичний термін
Тематичний термін чи географічна назва, як елемент введення (НП) 82 Література. Літературознавство
Джерело заголовка чи терміна UDC
942 ## - Додаткові елементи входу (Коха)
Тип елемента Koha Книги
955 ## - Код типу видання за змістом
Код типу видання за змістом (НП) Літературно-художні видання
Фонди
Стан вилучень Стан втрат Джерело класифікації або схеми стелажів Стан уражень Не для кредиту Постійне місце розташування Поточне розміщення Дата придбання Інвентарний номер Усього замовленно Повний номер виклику Штрих-код Дата останнього перегляду Ціна ефективна від Тип елемента Koha Джерело придбання Вартість, звичайна ціна покупки Код колекції
    Universal Decimal Classification     АБ - Абонемент НБ АБ - Абонемент НБ 15/11/2012 1142   821.161.2 Л48 1142 31/03/2022 07/11/2012 Книги      
    Universal Decimal Classification     АБ - Абонемент НБ АБ - Абонемент НБ 07/11/2012 1143   821.161.2 Л48 1143 23/03/2022 07/11/2012 Книги      
    Universal Decimal Classification     АБ - Абонемент НБ АБ - Абонемент НБ 18/04/2013 142252   821.161.2 Л48 142252 31/03/2022 07/11/2012 Книги 20/2013 9.00  
    Universal Decimal Classification     АБ - Абонемент НБ АБ - Абонемент НБ 14/08/2017 154623   821.161.2 Л48 154623 30/08/2022 07/11/2012 Книги 32/2017 9.00 Колекція Жулинського М.Г.
    Universal Decimal Classification     АБ - Абонемент НБ АБ - Абонемент НБ 15/11/2012 36457   821.161.2 Л48 36457 31/03/2022 07/11/2012 Книги